| 000 | 00397cam a22001097a 4500 | ||
|---|---|---|---|
| 008 | 180718b1976 xxu||||| |||| 00| 0 eng d | ||
| 082 | _aL8x54 In2tf | ||
| 245 |
_aReport of the task force on treasury system and accounting set up computerisation of accounts and management accounting _cby Finance Department |
||
| 260 |
_a _bFinance Department _c1976 |
||
| 300 | _a168+p. | ||
| 700 | _aFinance Department | ||
| 999 |
_c500646 _d500646 |
||